header

Archaeological approaches to market exchange in ancient societies (Record no. 89590)

MARC details
000 -LEADER
fixed length control field 01485nam a2200373Ia 4500
082 04 - DEWEY DECIMAL CLASSIFICATION NUMBER
Classification number 381
245 00 - TITLE STATEMENT
Title Archaeological approaches to market exchange in ancient societies
260 ## - PUBLICATION, DISTRIBUTION, ETC. (IMPRINT)
Place of publication Boulder, Colo. :
Name of publisher University Press of Colorado,
Year of publication c2010.
300 ## - PHYSICAL DESCRIPTION
Number of Pages xviii, 322 p. :
Other physical details ill., maps.
650 #0 - SUBJECT ADDED ENTRY--TOPICAL TERM
Topical Term Commerce, Prehistoric.
Topical Term Economics, Prehistoric.
Topical Term Indians
Topical Term Markets
Topical Term Exchange
Topical Term Civilization, Ancient.
700 1# - ADDED ENTRY--PERSONAL NAME
Personal name Garraty, Christopher P.,
Personal name Stark, Barbara L.
856 40 - ELECTRONIC LOCATION AND ACCESS
Uniform Resource Identifier http://site.ebrary.com/lib/rucke/Doc?id=10392381

No items available.

© 2026 Rongo University
Contact us: librarian | system librarian | Rongo university